| 000 | 00593nam a22001817a 4500 | ||
|---|---|---|---|
| 005 | 20240530110533.0 | ||
| 008 | 160315s ua c 000 0 ara d | ||
| 040 | _aEG-CaGPL | ||
| 082 | 0 | 4 |
_221 _a923.2 _bط/ج ن |
| 100 | 1 | _aجروسون ، ماتيو . | |
| 245 | 1 | 0 |
_aبيلسون مانديلا / _cماتيو جروسون . |
| 250 | _aط1. | ||
| 260 |
_aالقاهرة : _bدار البلسم للنشر و التوزيع ، _c2011 . |
||
| 300 |
_a61 ص ؛ _c24 سم . |
||
| 600 | _aنيلسون مانديلا . | ||
| 942 |
_2ddc _cBK |
||
| 999 |
_c62136 _d62136 |
||